| 000 | 01275nam a2200313 i 4500 | ||
|---|---|---|---|
| 001 | 184015 | ||
| 003 | ES-MaACL | ||
| 005 | 20240530152711.0 | ||
| 008 | 150223s2013 sp a | |||||||| | spa d | ||
| 020 | _a978-84-941290-0-1 | ||
| 080 | _a327(460:8=134) | ||
| 080 | _a327(8=134:460) | ||
| 080 | _a327(469:8=134) | ||
| 080 | _a327(8=134:469) | ||
| 245 | 0 | 0 |
_aIberoamérica hoy : _bperspectiva de las relaciones iberoamericanas / _cpresentación de Enrique V. Iglesias ; María Salvadora Ortiz Ortiz, compiladora. |
| 260 |
_a[Mérida] : _bCEXECI, _c2013. |
||
| 300 |
_a515 p. : _bgráf. ; _c21 cm. |
||
| 490 | 1 |
_aPensamiento iberoamericano ; _v6 |
|
| 594 | _aRecoge las intervenciones del Seminario homónimo celebrado en la Casa de América, Madrid, entre el 10 y el 11 de octubre de 2012. | ||
| 651 | 4 |
_aEspaña- _xRelaciones- _zAmérica Latina _98454 |
|
| 651 | 4 |
_aAmérica Latina- _xRelaciones- _zEspaña _97760 |
|
| 651 | 4 |
_aPortugal- _xRelaciones- _zAmérica Latina. _9156399 |
|
| 651 | 4 |
_aAmérica Latina- _xRelaciones- _zPortugal. _9172989 |
|
| 700 | 1 |
_aOrtiz, María Salvadora. _9156398 |
|
| 700 | 1 |
_aIglesias, Enrique V. _9156400 |
|
| 830 | 1 |
_aPensamiento iberoamericano ; _v6 _9225025 |
|
| 852 |
_aES-MaACL _jN-6390 |
||
| 999 |
_c184015 _d184015 |
||